|
|
|
|
| LEADER |
00000cam a22000002c 4500 |
| 001 |
109329518X |
| 003 |
DE-627 |
| 005 |
20251224220501.0 |
| 007 |
tu |
| 008 |
910219s1968 xx ||||| 00| ||eng c |
| 035 |
|
|
|a (DE-627)109329518X
|
| 035 |
|
|
|a (DE-576)02329518X
|
| 035 |
|
|
|a (DE-599)BSZ02329518X
|
| 035 |
|
|
|a (OCoLC)00232256
|
| 035 |
|
|
|a (DE-604)8056997108
|
| 040 |
|
|
|a DE-627
|b ger
|c DE-627
|e rakwb
|
| 041 |
|
|
|a eng
|
| 082 |
0 |
|
|a 345.73/0274
|
| 082 |
0 |
|
|a 347.305274
|
| 084 |
|
|
|a HG 781
|2 rvk
|0 (DE-625)rvk/49275:
|
| 084 |
|
|
|a HG 129
|2 rvk
|0 (DE-625)rvk/49123:
|
| 100 |
1 |
|
|a Rembar, Charles
|4 aut
|
| 245 |
1 |
4 |
|a The end of obscenity
|b the trials of Lady Chatterley, Tropic of Cancer and Fanny Hill
|c Charles Rembar
|
| 250 |
|
|
|a 2. pr.
|
| 264 |
|
1 |
|a New York
|b Random House
|c 1968
|
| 300 |
|
|
|a XII, 528 S.
|
| 336 |
|
|
|a Text
|b txt
|2 rdacontent
|
| 337 |
|
|
|a ohne Hilfsmittel zu benutzen
|b n
|2 rdamedia
|
| 338 |
|
|
|a Band
|b nc
|2 rdacarrier
|
| 583 |
1 |
|
|a Archivierung prüfen
|c 20200919
|f DE-640
|z 1
|2 pdager
|
| 689 |
0 |
0 |
|d u
|0 (DE-588)4132634-9
|0 (DE-627)105686220
|0 (DE-576)209637226
|a Cleland, John
|d 1709-1789
|t Memoirs of a woman of pleasure
|2 gnd
|
| 689 |
0 |
1 |
|d s
|0 (DE-588)4067601-8
|0 (DE-627)104649526
|0 (DE-576)209170409
|a Zensur
|2 gnd
|
| 689 |
0 |
|
|5 (DE-627)
|
| 689 |
1 |
0 |
|d u
|0 (DE-588)4686356-4
|0 (DE-627)348437803
|0 (DE-576)215028074
|a Miller, Henry
|d 1891-1980
|t Tropic of cancer
|2 gnd
|
| 689 |
1 |
1 |
|d s
|0 (DE-588)4067601-8
|0 (DE-627)104649526
|0 (DE-576)209170409
|a Zensur
|2 gnd
|
| 689 |
1 |
|
|5 (DE-627)
|
| 689 |
2 |
0 |
|d u
|0 (DE-588)4302850-0
|0 (DE-627)121610101
|0 (DE-576)211052485
|a Lawrence, D. H.
|d 1885-1930
|t Lady Chatterley's lover
|2 gnd
|
| 689 |
2 |
1 |
|d s
|0 (DE-588)4067601-8
|0 (DE-627)104649526
|0 (DE-576)209170409
|a Zensur
|2 gnd
|
| 689 |
2 |
|
|5 (DE-627)
|
| 936 |
r |
v |
|a HG 781
|b Nach Themen
|k Anglistik. Amerikanistik
|k Englische Literatur
|k Allgemeines und sämtliche Epochen
|k Literaturgeschichte
|k Textsammlungen
|k Nach Themen
|0 (DE-627)1270867881
|0 (DE-625)rvk/49275:
|0 (DE-576)200867881
|
| 936 |
r |
v |
|a HG 129
|b Sonstiges
|k Anglistik. Amerikanistik
|k Englische Literatur
|k Allgemeines und sämtliche Epochen
|k Literaturwissenschaft
|k Literatursoziologie
|k Sonstiges
|0 (DE-627)1270866486
|0 (DE-625)rvk/49123:
|0 (DE-576)200866486
|
| 951 |
|
|
|a BO
|
| ELC |
|
|
|b 1
|
| LOK |
|
|
|0 000 xxxxxcx a22 zn 4500
|
| LOK |
|
|
|0 001 2159661848
|
| LOK |
|
|
|0 003 DE-627
|
| LOK |
|
|
|0 004 109329518X
|
| LOK |
|
|
|0 005 20020606000000
|
| LOK |
|
|
|0 008 910219||||||||||||||||ger|||||||
|
| LOK |
|
|
|0 040
|a DE-21
|c DE-627
|d DE-21
|
| LOK |
|
|
|0 852
|a DE-21
|
| LOK |
|
|
|0 852 1
|c KB 9 A 700
|9 00
|
| LOK |
|
|
|0 935
|a krim
|
| LOK |
|
|
|0 936ln
|a k9.5.5
|
| LOK |
|
|
|0 939
|a 19-02-91
|b l01
|
| ORI |
|
|
|a SA-MARC-krimdoka001.raw
|
| SIG |
|
|
|a UB: KB 9 A 700
|